[Event "NATO Chess Championship 2010"]
[Site "Koge"]
[Date "2010.10.19"]
[Round "2.1"]
[White "Kersic, Matej"]
[Black "Schenk, Andreas"]
[Result "1/2-1/2"]
[WhiteElo "2139"]
[BlackElo "2519"]
[PlyCount "40"]
[EventDate "2010.10.??"]
[EventType "swiss"]
[EventRounds "7"]
[EventCountry "DEN"]
[WhiteTeam "SLO"]
[BlackTeam "GER"]

1. e4 c5 2. Nf3 d6 3. c4 Bg4 4. Be2 Nc6 5. O-O g6 6. Nc3 Bg7 7. Ne1 Bd7 8. Nc2
Nf6 9. Rb1 Nd4 10. d3 O-O 11. Nxd4 cxd4 12. Nd5 Bc6 13. Nxf6+ Bxf6 14. b4 b5
15. cxb5 Bxb5 16. a4 Bd7 17. Bd2 a6 18. Qb3 Qb6 19. Rfc1 Rfc8 20. Bd1 Rxc1
1/2-1/2

[Event "NATO Chess Championship 2010"]
[Site "Koge"]
[Date "2010.10.19"]
[Round "2.2"]
[White "Wantiez, Fabrice"]
[Black "Kapral, Krzysztof"]
[Result "1/2-1/2"]
[WhiteElo "2327"]
[BlackElo "2127"]
[PlyCount "70"]
[EventDate "2010.10.??"]
[EventType "swiss"]
[EventRounds "7"]
[EventCountry "DEN"]
[WhiteTeam "BEL"]
[BlackTeam "POL"]

1. e4 c5 2. Nf3 Nc6 3. d4 cxd4 4. Nxd4 Nf6 5. Nc3 e5 6. Ndb5 d6 7. Nd5 Nxd5 8.
exd5 Nb8 9. c4 a6 10. Nc3 Be7 11. Bd3 Nd7 12. O-O O-O 13. Qc2 g6 14. Bh6 Re8
15. f4 exf4 16. Bxf4 Nc5 17. Rae1 Nxd3 18. Qxd3 Bf5 19. Qg3 Qd7 20. Ne4 Bxe4
21. Rxe4 Bf8 22. Rfe1 Rxe4 23. Rxe4 b5 24. Qd3 bxc4 25. Rxc4 Re8 26. h3 Qb5 27.
b3 Qb6+ 28. Kh2 Qf2 29. Bg3 Qxa2 30. Ra4 Qb2 31. Rxa6 Rb8 32. Bxd6 Bxd6+ 33.
Rxd6 Qe5+ 34. Qg3 Qxg3+ 35. Kxg3 Rxb3+ 1/2-1/2

[Event "NATO Chess Championship 2010"]
[Site "Koge"]
[Date "2010.10.19"]
[Round "2.3"]
[White "Van Run, Rieke"]
[Black "Pedersen, Finn"]
[Result "0-1"]
[WhiteElo "2120"]
[BlackElo "2292"]
[PlyCount "80"]
[EventDate "2010.10.??"]
[EventType "swiss"]
[EventRounds "7"]
[EventCountry "DEN"]
[WhiteTeam "NED"]
[BlackTeam "DEN"]

1. e4 c6 2. d4 d5 3. exd5 cxd5 4. Bd3 Nc6 5. c3 Qc7 6. Ne2 e6 7. Bf4 Bd6 8. Bg3
f5 9. Qd2 Nf6 10. f3 O-O 11. Bxd6 Qxd6 12. Qf4 Qe7 13. Nd2 Bd7 14. Nb3 b6 15.
O-O-O a5 16. Rhe1 a4 17. Na1 a3 18. b3 Ne4 19. fxe4 fxe4 20. Qg3 exd3 21. Rxd3
Rf5 22. Rf3 e5 23. Rxf5 Bxf5 24. dxe5 Nxe5 25. Kd2 Nd3 26. Rf1 Re8 27. Nd4 Nc5
28. Qf4 Bd3 29. Rg1 Bg6 30. Nac2 Ne4+ 31. Kc1 Nxc3 32. Re1 Nxa2+ 33. Kd2 Be4
34. Re3 Nb4 35. Qg3 Nxc2 36. Nxc2 a2 37. Re1 Rc8 38. Na1 Qf6 39. Rd1 Bb1 40.
Qh3 Qf2# 0-1

[Event "NATO Chess Championship 2010"]
[Site "Koge"]
[Date "2010.10.19"]
[Round "2.4"]
[White "Sypien, Mateusz"]
[Black "Kiss, Jozsef"]
[Result "0-1"]
[WhiteElo "2265"]
[BlackElo "2105"]
[PlyCount "56"]
[EventDate "2010.10.??"]
[EventType "swiss"]
[EventRounds "7"]
[EventCountry "DEN"]
[WhiteTeam "POL"]
[BlackTeam "HUN"]

1. e4 c5 2. Nf3 Nf6 3. Nc3 d5 4. Bb5+ Bd7 5. Qe2 d4 6. Nd5 a6 7. Nxf6+ exf6 8.
Bxd7+ Nxd7 9. d3 Bd6 10. O-O O-O 11. c3 Be5 12. Qc2 Rc8 13. Nh4 c4 14. f4 cxd3
15. Qxd3 Nc5 16. Qf3 Bb8 17. Rd1 Re8 18. Be3 Qc7 19. cxd4 Nxe4 20. Qg4 Nd6 21.
Rac1 Qe7 22. Bf2 Rxc1 23. Rxc1 g6 24. d5 Ne4 25. Nf5 Qb4 26. Re1 Ba7 27. Ne3
Nxf2 28. Kxf2 Rxe3 0-1

[Event "NATO Chess Championship 2010"]
[Site "Koge"]
[Date "2010.10.19"]
[Round "2.6"]
[White "Krainski, Slawomir"]
[Black "Ozkan, Ervin"]
[Result "0-1"]
[WhiteElo "2115"]
[BlackElo "2220"]
[PlyCount "100"]
[EventDate "2010.10.??"]
[EventType "swiss"]
[EventRounds "7"]
[EventCountry "DEN"]
[WhiteTeam "POL"]
[BlackTeam "TUR"]

1. d4 d5 2. Nf3 Nf6 3. e3 Bf5 4. c4 c6 5. cxd5 cxd5 6. Nc3 e6 7. Bb5+ Nbd7 8.
O-O Bd6 9. Ne5 a6 10. Nxd7 Nxd7 11. Bd3 Bg6 12. Bxg6 hxg6 13. h3 f5 14. f3 Qg5
15. e4 Qg3 16. e5 Be7 17. Ne2 Qh4 18. Nf4 Kf7 19. Be3 Rac8 20. Qd2 Nb6 21. b3
g5 22. Nd3 Nd7 23. Rac1 Nb8 24. Qa5 f4 25. Bf2 Qh7 26. Nc5 Bxc5 27. Rxc5 Rxc5
28. Qxc5 Nc6 29. Qb6 Rb8 30. Qc7+ Kg6 31. Qd6 Qg8 32. b4 Rd8 33. Qc5 Qf8 34.
Qc2+ Qf5 35. Qc5 Qd3 36. a4 Qc4 37. Rc1 Qxc5 38. Rxc5 Nxb4 39. Rc7 Rb8 40. Re7
b5 41. a5 Kf5 42. Rf7+ Kg6 43. Re7 Rc8 44. Rxe6+ Kf7 45. Rd6 Rc1+ 46. Kh2 Nd3
47. Bg1 b4 48. Rb6 Rb1 49. Rb7+ Ke6 50. Rb6+ Kf5 0-1

[Event "NATO Chess Championship 2010"]
[Site "Koge"]
[Date "2010.10.19"]
[Round "2.7"]
[White "Keough, Robert"]
[Black "Andersen, Hans Christoph"]
[Result "1/2-1/2"]
[WhiteElo "2114"]
[BlackElo "2205"]
[PlyCount "54"]
[EventDate "2010.10.??"]
[EventType "swiss"]
[EventRounds "7"]
[EventCountry "DEN"]
[WhiteTeam "USA"]
[BlackTeam "GER"]
[WhiteTeamCountry "USA"]

1. e4 e6 2. d4 d5 3. Nc3 Bb4 4. e5 c5 5. Qg4 Ne7 6. dxc5 Nbc6 7. Bb5 Bxc3+ 8.
bxc3 Qa5 9. Bxc6+ bxc6 10. Ne2 O-O 11. O-O Ba6 12. Bd2 Qxc5 13. Rfe1 Bxe2 14.
Rxe2 Nf5 15. Qf4 Rab8 16. g4 Ne7 17. h4 Rfd8 18. h5 Qc4 19. Qxc4 dxc4 20. Bg5
Kf8 21. Re4 h6 22. Bh4 Rd2 23. Bxe7+ Kxe7 24. Rxc4 Rxc2 25. Rxc6 Rbb2 26. Rc7+
Ke8 27. Rxa7 Rxf2 1/2-1/2

[Event "NATO Chess Championship 2010"]
[Site "Koge"]
[Date "2010.10.19"]
[Round "2.8"]
[White "Geerts, Luc"]
[Black "Giua, Frederic"]
[Result "0-1"]
[WhiteElo "1514"]
[BlackElo "2188"]
[PlyCount "60"]
[EventDate "2010.10.??"]
[EventType "swiss"]
[EventRounds "7"]
[EventCountry "DEN"]
[WhiteTeam "BEL"]
[BlackTeam "FRA"]

1. d4 d5 2. Nf3 Nf6 3. c4 e6 4. Nc3 c6 5. Bg5 Be7 6. e3 Nbd7 7. cxd5 exd5 8.
Bd3 O-O 9. O-O Re8 10. Qc2 Nf8 11. a3 g6 12. Rac1 Ne6 13. Bh4 Ng7 14. Ne5 Bf5
15. Bg5 Bxd3 16. Qxd3 Nf5 17. g4 Nxg4 18. Bxe7 Nxe5 19. dxe5 Qxe7 20. f4 f6 21.
e4 dxe4 22. Qc4+ Kh8 23. Nxe4 fxe5 24. Ng5 exf4 25. Qc3+ Kg8 26. Nxh7 Kxh7 27.
Qh3+ Qh4 28. Qxh4+ Nxh4 29. Rxf4 Nf5 30. Rd1 Rad8 0-1

[Event "NATO Chess Championship 2010"]
[Site "Koge"]
[Date "2010.10.19"]
[Round "2.9"]
[White "Van Rijn, Wouter"]
[Black "Kedzierski, Slawomir"]
[Result "1/2-1/2"]
[WhiteElo "2179"]
[BlackElo "2102"]
[PlyCount "128"]
[EventDate "2010.10.??"]
[EventType "swiss"]
[EventRounds "7"]
[EventCountry "DEN"]
[WhiteTeam "NED"]
[BlackTeam "NATO"]

1. e4 c5 2. Nf3 d6 3. d4 cxd4 4. Nxd4 Nf6 5. Nc3 a6 6. Bg5 e6 7. f4 b5 8. a3
Be7 9. Be2 Bb7 10. Bf3 Qc7 11. O-O Nbd7 12. Kh1 O-O 13. Qe1 Nb6 14. Nd1 Rac8
15. c3 h6 16. Bh4 g6 17. e5 Nfd5 18. Qg3 Kh7 19. Bxe7 Qxe7 20. Be4 Nc4 21. Bd3
dxe5 22. fxe5 Qg5 23. Qxg5 hxg5 24. Bxc4 bxc4 25. Nf3 Kh6 26. Re1 Rfd8 27. Nf2
Nf4 28. Rad1 Kh5 29. h3 Bd5 30. Ne4 Nd3 31. Nf6+ Kh6 32. Ng4+ Kg7 33. Re2 Nf4
34. Red2 Rh8 35. Nxg5 Nxh3 36. Nxh3 Rxh3+ 37. Kg1 Rh5 38. Re1 Rc5 39. Nf6 Rg5
40. Nxd5 Rxd5 41. Rxd5 exd5 42. e6 Kf8 43. Rf1 f5 44. Re1 f4 45. e7+ Ke8 46.
Kf2 Rg3 47. Re6 g5 48. Rxa6 Kxe7 49. Rb6 Rd3 50. a4 g4 51. a5 Rd2+ 52. Kf1 Rd1+
53. Ke2 Ra1 54. a6 Ra2 55. Ke1 Ra1+ 56. Kf2 Ra2 57. Ke1 Ra1+ 58. Kd2 Ra2 59.
Kc2 Ra1 60. Rg6 f3 61. gxf3 gxf3 62. Rg7+ Kf6 63. Rg3 Ke5 64. Rxf3 Rxa6 1/2-1/2

[Event "NATO Chess Championship 2010"]
[Site "Koge"]
[Date "2010.10.19"]
[Round "2.10"]
[White "Franck, Boris"]
[Black "Schott, Guido"]
[Result "1/2-1/2"]
[WhiteElo "2105"]
[BlackElo "2174"]
[PlyCount "60"]
[EventDate "2010.10.??"]
[EventType "swiss"]
[EventRounds "7"]
[EventCountry "DEN"]
[WhiteTeam "FRA"]
[BlackTeam "GER"]

1. e4 e5 2. Nf3 d6 3. Bc4 Nf6 4. d3 Be7 5. c3 O-O 6. Bb3 Nbd7 7. Nbd2 c6 8. O-O
b5 9. d4 Bb7 10. a4 a6 11. Re1 c5 12. Bc2 cxd4 13. cxd4 Rc8 14. axb5 axb5 15.
Nb3 Qb6 16. Be3 Ng4 17. dxe5 Nxe3 18. Rxe3 Nxe5 19. Nfd4 g6 20. Na5 Nc4 21. Rb3
Nxa5 22. Rxb5 Qc7 23. Rbxa5 Bf6 24. Bb3 Qb6 25. Rb5 Qxd4 26. Qxd4 Bxd4 27. Rxb7
Rb8 28. Bxf7+ Kg7 29. Rxb8 Rxb8 30. Bd5 Rxb2 1/2-1/2

[Event "NATO Chess Championship 2010"]
[Site "Koge"]
[Date "2010.10.19"]
[Round "2.11"]
[White "Bieluszewski, Piotr"]
[Black "Wagenaar, Harm Theo"]
[Result "1/2-1/2"]
[WhiteElo "2153"]
[BlackElo "2072"]
[PlyCount "115"]
[EventDate "2010.10.??"]
[EventType "swiss"]
[EventRounds "7"]
[EventCountry "DEN"]
[WhiteTeam "POL"]
[BlackTeam "NED"]

1. e4 d5 2. exd5 Qxd5 3. Nc3 Qa5 4. d4 Nf6 5. Bc4 Bg4 6. f3 Bf5 7. g4 Bg6 8. h4
h6 9. h5 Bh7 10. Nge2 c6 11. Bd2 Qb6 12. Bb3 e6 13. Na4 Qc7 14. Bf4 Bd6 15.
Bxd6 Qxd6 16. Qd2 Nbd7 17. O-O-O O-O-O 18. Kb1 Kb8 19. Qc1 Qc7 20. Nac3 Nb6 21.
Ka1 Nbd5 22. Bxd5 Nxd5 23. Nxd5 exd5 24. Qd2 Rhe8 25. Nc1 Qg3 26. Rhf1 Re7 27.
Rf2 Rde8 28. Kb1 Re3 29. Rdf1 Qf4 30. b3 Qg5 31. Kb2 Qe7 32. Rg2 Re6 33. Rff2
Qf6 34. Kb1 Kc8 35. Rf1 Kb8 36. Qd1 Qe7 37. Qd2 Qf6 38. Rgf2 Ka8 39. Re2 Rxe2
40. Nxe2 Kb8 41. Nf4 Qg5 42. Kb2 Qe7 43. Ng2 Qf6 44. Rf2 Kc8 45. a4 Kb8 46. Qc3
Qd6 47. Rd2 Kc8 48. a5 a6 49. Rf2 Kb8 50. Qd2 Kc8 51. Re2 Rxe2 52. Qxe2 Kd7 53.
Qd2 Qg3 54. Ne1 Qd6 55. f4 Be4 56. g5 Kc8 57. c3 Qe6 58. Nd3 1/2-1/2

[Event "NATO Chess Championship 2010"]
[Site "Koge"]
[Date "2010.10.19"]
[Round "2.12"]
[White "Baudin, Frederic"]
[Black "Oltean, Gusztav"]
[Result "0-1"]
[WhiteElo "2096"]
[BlackElo "2152"]
[PlyCount "94"]
[EventDate "2010.10.??"]
[EventType "swiss"]
[EventRounds "7"]
[EventCountry "DEN"]
[WhiteTeam "FRA"]
[BlackTeam "HUN"]

1. e4 d5 2. d4 dxe4 3. Nc3 Nf6 4. f3 exf3 5. Nxf3 Bg4 6. h3 Bh5 7. g4 Bg6 8.
Ne5 e6 9. Bg2 c6 10. h4 Bb4 11. O-O Bxc2 12. Qd2 O-O 13. g5 Ne4 14. Qxc2 Qxd4+
15. Kh2 Nxc3 16. Bf4 Nd5 17. Rad1 Qc5 18. Qe4 Ba5 19. Nd3 Qe7 20. Bg3 Bc7 21.
Bxc7 Qxc7+ 22. Kh1 Nd7 23. h5 Rae8 24. Rde1 Qg3 25. Rf3 Qxg5 26. Rg1 f5 27. Qa4
N7f6 28. Rh3 Ng4 29. Qxa7 Nf4 30. Nxf4 Qxf4 31. Rf1 Qc7 32. Bf3 Ra8 33. Qd4 e5
34. Qb4 e4 35. Be2 Ne5 36. a3 c5 37. Qc3 c4 38. Rg1 f4 39. h6 g6 40. Rg5 Rae8
41. b3 b5 42. a4 e3 43. axb5 f3 44. Bxc4+ Nxc4 45. bxc4 f2 46. Rxg6+ hxg6 47.
h7+ Qxh7 0-1

[Event "NATO Chess Championship 2010"]
[Site "Koge"]
[Date "2010.10.19"]
[Round "2.13"]
[White "Lazar, Ales Sr"]
[Black "Ranario, Dan"]
[Result "0-1"]
[WhiteElo "2146"]
[BlackElo "2070"]
[PlyCount "118"]
[EventDate "2010.10.??"]
[EventType "swiss"]
[EventRounds "7"]
[EventCountry "DEN"]
[WhiteTeam "SLO"]
[BlackTeam "USA"]
[BlackTeamCountry "USA"]

1. e4 e5 2. Nf3 Nc6 3. Bb5 a6 4. Bxc6 dxc6 5. d4 exd4 6. Qxd4 Qxd4 7. Nxd4 c5
8. Ne2 Bd7 9. Bf4 O-O-O 10. Nbc3 Be6 11. f3 Ne7 12. Rd1 Rxd1+ 13. Kxd1 Ng6 14.
Bg3 Bd6 15. Kc1 Rd8 16. Rd1 h5 17. Nd5 h4 18. Bxd6 Rxd6 19. Nef4 Bxd5 20. Nxd5
Kd7 21. Ne3 Nf4 22. Rd2 g6 23. Kd1 b5 24. g3 hxg3 25. hxg3 Ne6 26. Ke2 c4 27.
Nd5 c6 28. Nf6+ Ke7 29. Rxd6 Kxd6 30. Ke3 Nc5 31. b3 cxb3 32. axb3 a5 33. Kd4
Ne6+ 34. Kc3 c5 35. f4 Nd4 36. Kd3 a4 37. bxa4 bxa4 38. Nd5 f5 39. Nc3 a3 40.
e5+ Ke6 41. Na2 g5 42. c3 gxf4 43. gxf4 Nf3 44. Kc4 Ne1 45. Nc1 Ng2 46. Kxc5
Nxf4 47. Kb4 Kxe5 48. Kxa3 Ke4 49. c4 Ke3 50. c5 Ne6 51. Kb4 f4 52. Kc4 Nxc5
53. Na2 f3 54. Nc3 Ne4 55. Nd5+ Kd2 56. Kd4 f2 57. Ne3 Ng3 58. Nc4+ Ke1 59. Ne3
Nf5+ 0-1

[Event "NATO Chess Championship 2010"]
[Site "Koge"]
[Date "2010.10.19"]
[Round "2.14"]
[White "Ledoux, Jean Luc"]
[Black "Bucholtz, Robert"]
[Result "0-1"]
[WhiteElo "2084"]
[BlackElo "2139"]
[PlyCount "103"]
[EventDate "2010.10.??"]
[EventType "swiss"]
[EventRounds "7"]
[EventCountry "DEN"]
[WhiteTeam "FRA"]
[BlackTeam "USA"]
[BlackTeamCountry "USA"]

1. d4 d5 2. c4 dxc4 3. Nf3 e6 4. e3 a6 5. a4 Nf6 6. Bxc4 c5 7. O-O Nc6 8. Qe2
Be7 9. Rd1 Qb6 10. Nc3 O-O 11. Ne5 cxd4 12. Nxc6 Qxc6 13. Rxd4 Bc5 14. Rh4 b6
15. e4 Bb7 16. Be3 Bxe3 17. fxe3 Qc5 18. Rf1 Qe5 19. Qf3 Rac8 20. Be2 Rfd8 21.
Qf4 Rc5 22. Qxe5 Rxe5 23. Rhf4 Rd2 24. Rd1 Rxd1+ 25. Bxd1 Nxe4 26. Nxe4 Rxe4
27. Kf2 Rxf4+ 28. exf4 a5 29. g3 Kf8 30. Ke3 Ke7 31. Bc2 h6 32. Kd4 Kd6 33. Kc4
Ba6+ 34. Kd4 f6 35. Be4 Be2 36. Bg6 Bf3 37. Be8 e5+ 38. fxe5+ fxe5+ 39. Ke3 Bc6
40. Bxc6 Kxc6 41. Ke4 Kd6 42. Ke3 Kd5 43. Kd3 g5 44. Ke3 e4 45. Ke2 g4 46. Ke3
Ke5 47. Ke2 Kd4 48. Kd2 e3+ 49. Ke2 Ke4 50. Ke1 Kd3 51. Kd1 e2+ 52. Ke1 0-1

[Event "NATO Chess Championship 2010"]
[Site "Koge"]
[Date "2010.10.19"]
[Round "2.15"]
[White "Drabke, Lorenz"]
[Black "Daler, Neset"]
[Result "1-0"]
[WhiteElo "2435"]
[BlackElo "2013"]
[PlyCount "36"]
[EventDate "2010.10.??"]
[EventType "swiss"]
[EventRounds "7"]
[EventCountry "DEN"]
[WhiteTeam "GER"]
[BlackTeam "TUR"]

1. e4 c5 2. Nf3 e6 3. d4 cxd4 4. Nxd4 Nf6 5. Nc3 a6 6. e5 Nd5 7. Nxd5 exd5 8.
Qf3 Qb6 9. Qxd5 Bc5 10. Be3 Qxb2 11. Qxc5 Qxa1+ 12. Kd2 Nc6 13. Nxc6 dxc6 14.
Bg5 f6 15. exf6 gxf6 16. Bc4 Qe5 17. Re1 Qxe1+ 18. Kxe1 fxg5 1-0

[Event "NATO Chess Championship 2010"]
[Site "Koge"]
[Date "2010.10.19"]
[Round "2.16"]
[White "Rockhill, Nathaniel"]
[Black "Helbig, Mark"]
[Result "0-1"]
[WhiteElo "1951"]
[BlackElo "2366"]
[PlyCount "102"]
[EventDate "2010.10.??"]
[EventType "swiss"]
[EventRounds "7"]
[EventCountry "DEN"]
[WhiteTeam "USA"]
[BlackTeam "GER"]
[WhiteTeamCountry "USA"]

1. e4 c6 2. d4 d5 3. Nc3 dxe4 4. Nxe4 Nd7 5. Bd3 Ngf6 6. c3 Qc7 7. Ne2 Nxe4 8.
Bxe4 Nf6 9. Bc2 Bg4 10. Bf4 Qd7 11. a4 e6 12. O-O Bd6 13. f3 Bh5 14. Be4 e5 15.
Be3 Nxe4 16. fxe4 Qg4 17. Rf3 Qxe4 18. Ng3 Qxe3+ 19. Rxe3 Bxd1 20. Nf5 O-O-O
21. Nxd6+ Rxd6 22. Rxd1 f6 23. Rg3 exd4 24. Rxd4 Rxd4 25. cxd4 g6 26. Kf2 Re8
27. b4 Kc7 28. Rd3 Kd6 29. b5 Re4 30. bxc6 Kxc6 31. a5 Kb5 32. Rb3+ Ka6 33. Rb4
f5 34. Kf3 Re7 35. Ra4 Rd7 36. Ke3 Rd5 37. Kd3 Rxa5 38. Rc4 Kb6 39. Rc2 Rd5 40.
Kc4 Rd7 41. Re2 Kc6 42. Re6+ Rd6 43. d5+ Kd7 44. Re5 Ra6 45. Re2 Ra4+ 46. Kc5
b6+ 47. Kb5 Rd4 48. Ka6 Rxd5 49. Kxa7 Kc6 50. Re6+ Kc5 51. Ka6 Rd2 0-1

[Event "NATO Chess Championship 2010"]
[Site "Koge"]
[Date "2010.10.19"]
[Round "2.17"]
[White "Marti, Gyorgy"]
[Black "Narman, Gokhan"]
[Result "0-1"]
[WhiteElo "2225"]
[BlackElo "2065"]
[PlyCount "72"]
[EventDate "2010.10.??"]
[EventType "swiss"]
[EventRounds "7"]
[EventCountry "DEN"]
[WhiteTeam "HUN"]
[BlackTeam "TUR"]

1. d4 e6 2. c4 f5 3. Nf3 Nf6 4. Bg5 d5 5. Ne5 c6 6. cxd5 exd5 7. Bxf6 Qxf6 8.
Nd2 Nd7 9. f4 Nxe5 10. dxe5 Qh6 11. g3 Bc5 12. Nf3 O-O 13. a3 a5 14. Qb3 b5 15.
Qc3 Bb6 16. b4 axb4 17. axb4 Rxa1+ 18. Qxa1 Bb7 19. Qc3 Qe6 20. Nd4 Qe7 21. Bg2
g6 22. Kd2 Ra8 23. Rb1 Qd7 24. Rb2 Ra4 25. Bf3 h5 26. e3 Kh7 27. Bd1 Ra7 28.
Rc2 c5 29. Nb3 d4 30. exd4 cxd4 31. Qb2 Be4 32. Nc5 Qd5 33. Nxe4 fxe4 34. Kc1
d3 35. Rc8 Be3+ 36. Kb1 Bd4 0-1

[Event "NATO Chess Championship 2010"]
[Site "Koge"]
[Date "2010.10.19"]
[Round "2.18"]
[White "Mestek, Igor"]
[Black "Kuzminaite, Ieva"]
[Result "1-0"]
[WhiteElo "2199"]
[BlackElo "2016"]
[PlyCount "59"]
[EventDate "2010.10.??"]
[EventType "swiss"]
[EventRounds "7"]
[EventCountry "DEN"]
[WhiteTeam "SLO"]
[BlackTeam "LTU"]

1. Nf3 d5 2. d3 c5 3. Nbd2 Nf6 4. e4 Nc6 5. c3 dxe4 6. dxe4 Qc7 7. Qc2 e6 8. a4
Be7 9. Bd3 h6 10. O-O O-O 11. Nc4 Nd7 12. Qe2 Nb6 13. e5 Nxc4 14. Bxc4 Na5 15.
Bd3 Qc6 16. Bf4 c4 17. Be4 Qc7 18. Bc2 h5 19. Nd4 g6 20. Nb5 Qc5 21. Rad1 b6
22. Be4 Bb7 23. Bxb7 Nxb7 24. Rd7 Na5 25. Be3 Qxe5 26. Rxe7 a6 27. Nd4 Qd6 28.
Bg5 Nc6 29. Nxc6 Qxc6 30. Qe5 1-0

[Event "NATO Chess Championship 2010"]
[Site "Koge"]
[Date "2010.10.19"]
[Round "2.19"]
[White "Skindzier, Saturnin"]
[Black "Christen, Pierre"]
[Result "1-0"]
[WhiteElo "2173"]
[BlackElo "2007"]
[PlyCount "69"]
[EventDate "2010.10.??"]
[EventType "swiss"]
[EventRounds "7"]
[EventCountry "DEN"]
[WhiteTeam "POL"]
[BlackTeam "LUX"]

1. d4 d5 2. Nf3 Nf6 3. c4 c6 4. e3 Bf5 5. Nc3 e6 6. Qb3 Qb6 7. c5 Qc7 8. Be2
Nbd7 9. Nh4 Be7 10. Nxf5 exf5 11. Qc2 g6 12. b4 Ne4 13. O-O h5 14. a4 Ndf6 15.
f3 Ng4 16. f4 Bd8 17. Nxe4 fxe4 18. b5 f5 19. a5 a6 20. bxa6 bxa6 21. Qa4 Kd7
22. Rb1 Nf6 23. Bd2 Ne8 24. Rb3 Qc8 25. Rfb1 Rg8 26. Rb7+ Ke6 27. R1b2 Rg7 28.
R7b6 Bxb6 29. axb6 Nf6 30. Ra2 Nd7 31. Bxa6 Rxa6 32. Qxa6 Qxa6 33. Rxa6 Rg8 34.
Ra7 Rb8 35. Rc7 1-0

[Event "NATO Chess Championship 2010"]
[Site "Koge"]
[Date "2010.10.19"]
[Round "2.20"]
[White "Szczesniak, Andrzej"]
[Black "Jauk, Wilhelm"]
[Result "1/2-1/2"]
[WhiteElo "2053"]
[BlackElo "2168"]
[PlyCount "44"]
[EventDate "2010.10.??"]
[EventType "swiss"]
[EventRounds "7"]
[EventCountry "DEN"]
[WhiteTeam "POL"]
[BlackTeam "GER"]

1. c4 Nf6 2. Nc3 d6 3. g3 g6 4. Bg2 Bg7 5. e4 e5 6. Nge2 c5 7. O-O Nc6 8. a3
O-O 9. Rb1 Be6 10. d3 Qd7 11. Nd5 Nd4 12. Nxd4 cxd4 13. f4 Bxd5 14. cxd5 h6 15.
f5 g5 16. Bf3 Nh7 17. Rf2 Bf6 18. Rc2 Rfc8 19. Bd2 Rxc2 20. Qxc2 Rc8 21. Qb3
Nf8 22. Rc1 Rxc1+ 1/2-1/2

[Event "NATO Chess Championship 2010"]
[Site "Koge"]
[Date "2010.10.19"]
[Round "2.21"]
[White "Alaslar, Devrim"]
[Black "Engelen, Johan"]
[Result "1-0"]
[WhiteElo "2167"]
[BlackElo "1958"]
[PlyCount "93"]
[EventDate "2010.10.??"]
[EventType "swiss"]
[EventRounds "7"]
[EventCountry "DEN"]
[WhiteTeam "TUR"]
[BlackTeam "NED"]

1. e4 d5 2. exd5 Qxd5 3. Nf3 Bg4 4. Be2 Nc6 5. d4 O-O-O 6. c4 Qh5 7. Be3 e5 8.
d5 Bb4+ 9. Nbd2 e4 10. Ng5 Bxd2+ 11. Bxd2 Nf6 12. Bxg4+ Nxg4 13. h3 Nce5 14.
O-O Nf6 15. Qxh5 Nxh5 16. Bc3 f6 17. Ne6 Nxc4 18. g4 Rxd5 19. gxh5 Rxh5 20. Kh2
Ne5 21. Bxe5 Rxe5 22. Nxg7 Rd8 23. Rad1 Rd6 24. Rxd6 cxd6 25. Re1 Kd7 26. h4
Rb5 27. b3 Ra5 28. Rxe4 Rxa2 29. Kg2 b5 30. Nf5 a5 31. h5 a4 32. bxa4 Rxa4 33.
Re7+ Kc6 34. Rxh7 b4 35. Rh8 Ra5 36. h6 Rxf5 37. h7 Rh5 38. Rc8+ Kd5 39. h8=Q
Rxh8 40. Rxh8 Kc4 41. Kf3 b3 42. Ke3 b2 43. Rb8 Kc3 44. Ke4 Kc2 45. Kd5 b1=Q
46. Rxb1 Kxb1 47. f4 1-0

[Event "NATO Chess Championship 2010"]
[Site "Koge"]
[Date "2010.10.19"]
[Round "2.22"]
[White "Kruit, Erik"]
[Black "Nielsen, Rene O"]
[Result "0-1"]
[WhiteElo "1887"]
[BlackElo "2158"]
[PlyCount "126"]
[EventDate "2010.10.??"]
[EventType "swiss"]
[EventRounds "7"]
[EventCountry "DEN"]
[WhiteTeam "NED"]
[BlackTeam "DEN"]

1. e4 e5 2. Nf3 Nc6 3. Bc4 Bc5 4. b4 Bxb4 5. c3 Ba5 6. d4 exd4 7. O-O d6 8. Qb3
Qe7 9. cxd4 Bb6 10. e5 Na5 11. Qa4+ Bd7 12. Bb5 O-O-O 13. Ba3 Bxb5 14. Qxb5 Qd7
15. Qxd7+ Rxd7 16. exd6 cxd6 17. Nbd2 Nf6 18. Rac1+ Kb8 19. Rc3 Nd5 20. Rc2 Re8
21. Rfc1 Nf4 22. Kf1 f5 23. g3 Nd5 24. h4 g6 25. Kg2 a6 26. Kf1 Ka7 27. Kg2 h6
28. Kf1 Re6 29. Kg2 Nf6 30. Kf1 Nc6 31. Nb3 Rd8 32. Rd1 Nd5 33. Bc1 f4 34. Kg2
fxg3 35. Kxg3 h5 36. Ng5 Rf6 37. Ne4 Rf5 38. Bg5 Rd7 39. Bc1 Nf6 40. f3 Rf7 41.
Ng5 Re7 42. Bf4 d5 43. Bc1 Bc7+ 44. f4 Ne4+ 45. Nxe4 Rxe4 46. Rf2 Bb6 47. Bb2
Bc7 48. Bc1 b6 49. Rd3 Nd8 50. Rdf3 Ne6 51. Be3 g5 52. hxg5 Nxg5 53. Nd2 Nxf3
54. Kxf3 Re7 55. Rh2 Ref7 56. Rh4 Bd8 57. Rh1 Rg7 58. Nf1 h4 59. Rh3 Rh5 60.
Bf2 b5 61. Ne3 a5 62. f5 Bf6 63. Nxd5 Rxf5+ 0-1

[Event "NATO Chess Championship 2010"]
[Site "Koge"]
[Date "2010.10.19"]
[Round "2.23"]
[White "Redman, Michael"]
[Black "Voroblievas, Arturas"]
[Result "1-0"]
[WhiteElo "2152"]
[BlackElo "1859"]
[PlyCount "45"]
[EventDate "2010.10.??"]
[EventType "swiss"]
[EventRounds "7"]
[EventCountry "DEN"]
[WhiteTeam "UK"]
[BlackTeam "LTU"]

1. e4 e5 2. Nf3 Nc6 3. Bb5 a6 4. Ba4 Nf6 5. O-O Be7 6. Re1 b5 7. Bb3 O-O 8. h3
Bb7 9. d3 d6 10. c3 Na5 11. Bc2 c5 12. Nbd2 h6 13. Nf1 Bc8 14. d4 cxd4 15. cxd4
Qc7 16. b3 Nc6 17. Bb2 Nb4 18. Bb1 Re8 19. dxe5 dxe5 20. Bxe5 Qb7 21. Bxf6 Bxf6
22. e5 Rd8 23. exf6 1-0

[Event "NATO Chess Championship 2010"]
[Site "Koge"]
[Date "2010.10.19"]
[Round "2.24"]
[White "Pirs, Matjaz2"]
[Black "Nilsson, Erik"]
[Result "1/2-1/2"]
[WhiteElo "1934"]
[BlackElo "2149"]
[PlyCount "46"]
[EventDate "2010.10.??"]
[EventRounds "7"]
[EventCountry "DEN"]
[WhiteTeam "SLO"]
[BlackTeam "DEN"]

1. e4 e6 2. Nc3 d5 3. g3 Nf6 4. e5 Nfd7 5. f4 c5 6. Nf3 Nc6 7. d3 Be7 8. Bh3 a6
9. a4 g6 10. O-O Qc7 11. Qe2 b6 12. g4 h5 13. g5 Kf8 14. Kh1 Nd4 15. Qf2 Nxf3
16. Qxf3 Bb7 17. Bg2 Kg7 18. Bd2 Bc6 19. b3 Rhc8 20. Qe2 b5 21. axb5 axb5 22.
Qf2 Nb6 23. h4 Rxa1 1/2-1/2

[Event "NATO Chess Championship 2010"]
[Site "Koge"]
[Date "2010.10.19"]
[Round "2.25"]
[White "Picart, Laurent"]
[Black "Harwood, Duncan"]
[Result "1/2-1/2"]
[WhiteElo "2139"]
[BlackElo "1939"]
[PlyCount "106"]
[EventDate "2010.10.??"]
[EventType "swiss"]
[EventRounds "7"]
[EventCountry "DEN"]
[WhiteTeam "FRA"]
[BlackTeam "UK"]

1. d4 Nf6 2. c4 g6 3. Nc3 Bg7 4. e4 d6 5. Nge2 O-O 6. Ng3 c5 7. d5 Nbd7 8. Be2
a6 9. a4 Qa5 10. O-O Rb8 11. Ra3 Ne5 12. h3 Ne8 13. Bg5 f6 14. Bd2 Nf7 15. Rb3
Bd7 16. Ra3 Qd8 17. Qc2 Nc7 18. a5 e6 19. Na4 exd5 20. exd5 f5 21. Nb6 Be8 22.
f4 Na8 23. Rb3 Nxb6 24. Rxb6 Qd7 25. Bc3 Nh6 26. b3 Qe7 27. Rf3 Bd7 28. Qb2
Bxc3 29. Qxc3 Qf6 30. Qxf6 Rxf6 31. Re3 Kf7 32. Bf3 Ng8 33. b4 Ne7 34. bxc5 Nc8
35. c6 Nxb6 36. axb6 Bc8 37. c7 Ra8 38. Ne2 a5 39. Nd4 Ra6 40. Ra3 Rxb6 41.
Rxa5 Ra6 42. Rb5 Ke8 43. c5 Rf7 44. cxd6 Rxd6 45. Rc5 b6 46. Nb5 bxc5 47. Nxd6+
Kf8 48. Nxf7 Kxf7 49. Kf2 Ke7 50. Ke3 Kd6 51. Kd3 Kxc7 52. Kc4 Kd6 53. g3 Ba6+
1/2-1/2